00840nam a2200217 a 4500001001000000003000500010005001700015008004100032010001100073011001100084040000900095100003100104245017600135260006800311300001000379502009000389650004800479650003400527650002500561700003600586000111405CHAP20220329144209.0150408s2014 mx |rm |0|||||spa d a107867 a108839 cCHAP1 aAltamira Santiago, Rogelio10aEvaluación del extracto de Macleaya cordata en pollos de engorda desafiados con Salmonella typhimurium /cpor Rogelio Altamira Santiago y Alma Verónica Rocha Castillo. aUniversidad Autónoma de San Luis Potosí :bEl autor,c2014. a33 h. aTesis (Ing. Agr. Esp. en Zootecnista) -- UASLP. Facultad de Agronomía y Veterinaria14aAves de corralxEfecto de Macleaya cordata.14aAves de corralxEnfermedades.14aExtractos vegetales.1 aRocha Castillo, Alma Verónica